Hawk Countries - Statistics

General Stats
  • This quiz has been taken 2 times
  • The average score is 10 of 18
Answer Stats
Hint Answer % Correct
Oceania Australia
100%
North America Canada
100%
North America Mexico
100%
North America United States of America
100%
South America Brazil
50%
South America Columbia
50%
Africa Egypt
50%
Europe France
50%
Asia India
50%
Asia Indonesia
50%
Europe Italy
50%
Asia Pakistan
50%
Asia Philippines
50%
Asia Thailand
50%
Asia Turkey
50%
Asia Vietnam
50%
Asia North Korea
0%
Europe Poland
0%
No matching quizzes found
Score Distribution
Percent of People with Each Score
Percentile by Number Answered
Your Score History
You have not taken this quiz